000 01095nam0a2200325 4500
001 RU\NLR\BIBL_A\022691695
005 20260329044408.0
010 _a978-5-907810-66-2
_91000
035 _a(NLR Aleph) 022691695
090 _a13643306
_c13643306
100 _a20251219d2025 u y0rusy50 ca
101 0 _arus
102 _aRU
105 _ay z 000gy
181 0 _ai4
_baxxe
182 0 _an
200 1 _aРусская душа
_eсборник стихов
_fИгорь Скударнов
203 _aТекст
_bвизуальный
_cнепосредственный
210 _aСанкт-Петербург
_cПервый ИПХ
_d2025
215 _a362, [1] c.
_d22
605 _aБиблия
_iВетхий Завет
_91024157
_3RU\NLR\AUTH\6674151
686 1 _aШ5(0)961.23-332Библия.Ветхий завет(переделки)
686 2 _aШ6(2=Р)8-5
700 1 _aСкударнов
_bИ. С.
_gИгорь Сергеевич
942 _cBOOK
980 _aNB